000 00208 a2200097 4500
001 11838
100 _aRorty,J.
245 _aMc Carthyand the communists
260 _a
_bBeacon Press
_c
090 _c9094
_d9094
942 _aNUST-CAE
_cM
_c35927
999 _c246911
_d246911